01363nam a2200337 a 4500001001000000003000500010005001700015008004100032010001100073011001100084040000900095090001000104100003500114245018100149260003700330500006000367502009000427590004000517590004000557590004000597650003000637650003700667650004800704650003000752856007000782901000700852942001000859942000600869999001900875952013100894000114071CHAP20220329144425.0171025s2017 mx sm |||||||spa d a110532 a111504 cCHAP aTesis1 aRivera Carranza, Yulia913392710aEvaluación de una fitasa y una proteasa exógenas sobre el peso de la canal y sus fracciones comerciales en codornices de engordah[En línea]cpor Yuliana Rivera Carranza. aCocula, Gro. :bEl autor,c2017. aPara ver el contenido del material haga clic en la liga aTesis (Ing. Agr.Zootecnista ) -- Colegio Superior Agropecuario del Estado de Guerrero aE6339RRRb05c20171025lUCH01h1432 aE6339RRRb05c20171025lUCH01h1433 aE6339RRRb05c20171025lUCH01h143314aAlimentosxEnzimas.9421814aCodornizxAlimentación.92430114aCodornizxAnatomía y fisiología.92430214aCodornizxEngorda.924306 aFinding aiduhttp://10.13.5.2/tesis/sist114071.pdfzTeclea aquí aBK cTESIS n0 c110532d110532 00104054718TESISaBCbBCd2017-10-25fTESISl0oTesisp114072-10r2019-12-31 00:00:00w2019-12-31yTESISzRecien adquirido